Liedtext - Symphonie - Silbermond - Statistiken

Allgemein
  • Dieses Quiz wurde 300 mal gespielt
  • Das Durchschnittsergebnis liegt bei 241 aus 289
Antwortstatistiken
Textquiz % Korrekt
Du
99%
du
99%
es
98%
Es
98%
Symphonie
98%
ist
97%
Ist
97%
Und
97%
wir
96%
nich
95%
nicht
95%
um
95%
uns
95%
zu
95%
das
94%
Das
94%
den
93%
hab
92%
mehr
92%
nichts
92%
wird
92%
haben
91%
Haben
91%
mir
91%
Wenn
91%
wenn
91%
besser
89%
Denn
89%
denn
89%
ich
89%
Ich
89%
im
89%
ein
88%
gehst
88%
hier
88%
still
88%
dass
87%
jetzt
87%
Regen
87%
Sag
87%
stehn
87%
was
87%
geben
86%
auf
84%
geht
84%
Zeit
84%
geschehn
82%
sein
82%
in
81%
sich
81%
Sich
81%
war
81%
reden
80%
gibt
79%
bloß
78%
gestehn
78%
mit
78%
die
76%
kann
76%
alles
75%
deinen
75%
Wo
74%
Armen
73%
dich
73%
einmal
73%
gut
73%
Warum
73%
warum
73%
fremd
72%
liege
72%
noch
72%
aufzugeben
71%
scheinst
71%
viel
71%
völlig
71%
geht's
70%
Unsre
70%
unsre
70%
passiert
68%
aus
66%
hin
63%
regnet
63%
so
63%
Weg
63%
willst
62%
kaum
60%
leicht
59%
deinem
58%
könnten
58%
konnten
58%
sehn
57%
stellt
56%
vielleicht
56%
über
55%
verraten
55%
Wort
53%
Mund
52%
egal
51%
ertragen
51%
Stille
51%
wir's
51%
geglaubt
50%
geworden
50%
schon
50%
weiter
50%
echt
49%
versteh
49%
Eitelkeit
48%
wagen
48%
Wollten
47%
sind
46%
wie's
46%
einzusehn
45%
ahnen
43%
versucht
43%
Ende
42%
lang
42%
verdichtet
40%
geschrieben
33%
gescheitert
32%
Irgendwo
26%
Keine übereinstimmenden Quizze gefunden
Verteilung der Resultate
Anzahl Personen mit jedem Resultat
Perzentil nach korrekt beantworteten Fragen
Ihre Resultats-Entwicklung
Sie haben dieses Quiz noch nicht gespielt